000 00710nam a2200205Ii 4500
003 JO-AjNU
008 230605s9999||||xx |||||||||||||| ||und||
040 _aJO-AjNU
_bara
_erda
_cJO-AjNU
041 _aara
050 1 4 _aK1241.Z826.1982
100 3 _a الزعبي ، محمد يوسف ,
_eauthor
_946694
245 0 0 _aعقد التأمين " دراسة مقارنة بين القانون الوضعي والفقة السلامي "
250 _a(د،ط)
264 3 1 _aد ،م : د ، ن ، 1982
300 _a596ص
336 _atext
_btxt
_2rdacontent
337 _aunmediated
_bn
_2rdamedia
338 _avolume
_bnc
_2rdacarrier
650 4 _aالتأمين -- قوانيين وتشريعات
_946695
999 _aA20333
_c23901
_d23901